Η Ελλάδα μέσα από την φωτογραφία : 160 χρόνια οπτικές μαρτυρίες
Αποθηκεύτηκε σε:
| Κύριοι συγγραφείς: | , , |
|---|---|
| Άλλοι συγγραφείς: | |
| Μορφή: | Βιβλίο |
| Γλώσσα: | Greek |
| Δημοσίευση: |
Αθήνα :
Μέλισσα,
c2007.
|
| Θέματα: | |
| Ετικέτες: |
Προσθήκη ετικέτας
Δεν υπάρχουν, Καταχωρήστε ετικέτα πρώτοι!
|
MARC
| LEADER | 00000cam a2200000 a 4500 | ||
|---|---|---|---|
| 001 | 1/117037 | ||
| 008 | 180720s2007####gr | ||| |||||||gre|| | ||
| 020 | |a 9789602042809 |q (σκληρό εξώφυλλο) | ||
| 040 | |a GR-MyUa |b gre |c GR-MyUa |e AACR2 | ||
| 041 | 0 | |a gre | |
| 082 | 7 | |a 770.9495 |2 (23) | |
| 082 | 7 | |a 779 |2 (23) | |
| 100 | 1 | |a Ασδραχάς, Σπύρος Ι., |d 1933-2017, |e aut | |
| 245 | 1 | 2 | |a Η Ελλάδα μέσα από την φωτογραφία : |b 160 χρόνια οπτικές μαρτυρίες / |c κείμενα: Σπύρος Ασδραχάς, Αλεξάνδρα Μόσχοβη, Αλίκη Τσίργιαλου ; πρόλογος Γιάννης Σταθάτος. |
| 260 | |a Αθήνα : |b Μέλισσα, |c c2007. | ||
| 300 | |a 335 σ. : |b εικ. ; |c 34 εκ. | ||
| 504 | |a Βιβλιογραφία: 326-331. Ευρετήριο. | ||
| 650 | 0 | |a Photographers |z Greece. | |
| 651 | 0 | |a Greece |v Pictorial works. | |
| 651 | 0 | |a Greece |x Social life and customs |y 19th century |x Pictorial works. | |
| 651 | 0 | |a Greece |x Social life and customs |y 20th century |x Pictorial works. | |
| 700 | 1 | |a Μόσχοβη, Αλεξάνδρα, |e aut | |
| 700 | 1 | |a Τσίργιαλου, Αλίκη, |e aut | |
| 700 | 1 | |a Σταθάτος, Γιάννης, |e aui | |
| 852 | |a INST |b LEMNOS |c EUDOXUS |e 20180720 |h 770.9495 ΑΣΔ |p 005600002645 |q 005600002645 |t EDX |y 0 | ||
| 852 | |a INST |b SYROS |c EUDOXUS |e 20210510 |h 779 ΑΣΔ |p 005500014256 |q 005500014256 |t EDX |y 0 | ||
| 920 | |a Εύδοξος |b Παραγγελία |y Σύρος-ΤΜΣΠΣ |z 2021-05 | ||
| 920 | |a Εύδοξος |b Παραγγελία |y Λήμνος-ΤΕΤΔ |z 2017-05 | ||
| 970 | |a Πανταζή |b Αντωνία |z 20/07/2018 | ||